000
00279nam a22001217a 4500
008
171227b xxu||||| |||| 00| 0 eng d
041
_a
eng
080
_a
32
100
_a
19
101
_a
POL
245
_a
THE POLITICAL GENIUS OF ABRAHAM LINCOLN
_c
GOODWIN,D.K
942
_2
udc
_c
BK
999
_c
39430
_d
39430